| 000 | 00917cam a22003017a 4500 | ||
|---|---|---|---|
| 003 | CHAP | ||
| 005 | 20220329134156.0 | ||
| 008 | 971013s1948 r 00010 d | ||
| 010 | _a16564 | ||
| 011 | _a17536 | ||
| 035 | _a21619 | ||
| 040 | _cCHAP | ||
| 082 |
_a634.98 _bH68 |
||
| 100 | 0 | 0 |
_aHoward, Alexander L. _956468 |
| 245 | 1 | 2 | _aA manual of the timbers of the world; their characteristis and uses |
| 250 | _a2 ed. | ||
| 260 |
_aLondon : _bMacMillan, _c1948 |
||
| 300 |
_a751 p. _b: ilus. |
||
| 500 | _aIncluye bibliografía y nonbres vernáculos | ||
| 590 |
_aBATCH-UPD _b10 _c20130110 _lUCH01 _h0143 |
||
| 590 |
_aBATCH-UPD _b10 _c20130409 _lUCH01 _h2142 |
||
| 590 |
_aBATCH-UPD _b10 _c20130914 _lUCH01 _h1625 |
||
| 590 |
_aCONVERSION _b10 _c20130109 _lUCH01 _h1310 |
||
| 650 | 1 | 4 |
_aMadera en pié. _969654 |
| 901 | _aBK | ||
| 942 | _cLIBRO | ||
| 949 |
_a634.98 H68 _bBC _cC _d33724000651204 _eC _h27769 _i21619 _si |
||
| 999 |
_c16564 _d16564 |
||